De repente en lo profundo del bosque /
Furkejuvvon:
| Váldodahkki: | |
|---|---|
| Materiálatiipa: | Girji |
| Giella: | espánnjágiella |
| Almmustuhtton: |
México : Madrid, España :
Fondo de Cultura Económica ; Siruela ;
2006, c2006
|
| Ráidu: | (Nuevos Tiempos ;
256) |
| Fáttát: | |
| Fáddágilkorat: |
Eai fáddágilkorat, Lasit vuosttaš fáddágilkora!
|
MARC
| LEADER | 00000nam^a2200000^a^4500 | ||
|---|---|---|---|
| 001 | 000565558 | ||
| 005 | 20250521000000.0 | ||
| 009 | 20260310132049.702 | ||
| 020 | |a 968-16-6707-7 | ||
| 037 | |a Acervo ITESO - Biblioteca | ||
| 041 | |a ESP | ||
| 082 | |a 808. 899282 |b OZ | ||
| 100 | |a Oz, Amos |e (autor) | ||
| 245 | 1 | 0 | |a De repente en lo profundo del bosque / |c A. Oz ; tr. por Raquel García Lozano. |
| 264 | 4 | |a México : |b Fondo de Cultura Económica ; |a Madrid, España : |b Siruela ; |c 2006, c2006 | |
| 300 | |a 118 p. | ||
| 336 | |a texto |b txt |2 rdacontenido | ||
| 337 | |a sin mediación |b n |2 rdamedio | ||
| 338 | |a volumen |b nc |2 rdasoporte | ||
| 440 | 1 | |a (Nuevos Tiempos ; |v 256) | |
| 500 | |a Traducción de: Pitom be'omek haya'ar | ||
| 545 | 0 | |a Amos Oz (Jerusalén, 1939) es uno de los más prestigiosos escritores israelíes y también un reconocido intelectual comprometido con el proceso de paz en Oriente Medio. Su obra, tanto de ficción como de no ficción, a la vez que se ancla en su país se abre a la reflexión ética más amplia, como expresa la crítica. Construye personajes que dan cuenta de la compleja naturaleza humana, con toda su fragilidad, pero también con su riqueza y diversidad. Es autor, entre otros títulos, de Donde aúllan los chacales y otros cuentos (1965), Mi querido Mijael (1968), Hasta la muerte (1971), Tocar el agua, tocar el viento (1973), Un descanso verdadero (1982), Las mujeres de Yoel (1985), La caja negra (1986), Conocer a una mujer (1989), No digas noche (1994), Una pantera en el sótano (1995), El mismo mar (1998), Una historia de amor y oscuridad (2003), Contra el fanatismo (2006) y Versos de vida y muerte (2007). Ha sido reconocido con varios y muy relevantes galardones, como los premios Israel de Literatura (1998), Goethe (2005), Príncipe de Asturias de las Letras (2007) y Heinrich Heine, otorgado por la ciudad de Düsseldorf (2008). | |
| 649 | |a XX | ||
| 650 | |a Cuentos Israelíes | ||
| 650 | |a Cuentos Judíos | ||
| 650 | |a Literatura Juvenil - |z Israel | ||
| 650 | |a Literatura Israelí - |y Siglo XXI | ||
| 650 | |a Literatura Judía - |y Siglo XXI | ||
| 910 | |a Fondo Castillo-Martínez | ||
| 920 | |a Impresos - Libros | ||
| 930 | |a Fondos Especiales | ||
| 940 | |a Literatura | ||
| 905 | |a 127 | ||
| 901 | |a 0500400624 |b IT2 |c ESP |i D125228 |u 20250521 | ||
| 902 | |a https://opac.biblio.iteso.mx/vufind/Record/000565558 | ||